Generaciones y semblanzas / (Record no. 5413)
[ view plain ]
| 000 -CABECERA | |
|---|---|
| campo de control de longitud fija | 00777cam a2200217 a 4500 |
| 001 - NÚMERO DE CONTROL | |
| campo de control | 000005614 |
| 005 - FECHA Y HORA DE LA ÚLTIMA TRANSACCIÓN | |
| campo de control | 20200929151725.0 |
| 008 - DATOS DE LONGITUD FIJA--INFORMACIÓN GENERAL | |
| campo de control de longitud fija | 841119s1941 sp b 001 0 spa |
| 040 ## - FUENTE DE LA CATALOGACIÓN | |
| Centro catalogador/agencia de origen | DO-SdBNP |
| Lengua de catalogación | spa |
| Centro/agencia transcriptor | BNPHU |
| 082 ## - NÚMERO DE LA CLASIFICACIÓN DECIMAL DEWEY | |
| Número de clasificación | 920.046 |
| Número de documento/Ítem | P438ge |
| 100 1# - ENTRADA PRINCIPAL--NOMBRE DE PERSONA | |
| Nombre de persona | Pérez de Guzmán, Fernán, |
| Fechas asociadas al nombre | 1370-1460. |
| 9 (RLIN) | 15853 |
| 245 10 - MENCIÓN DE TÍTULO | |
| Título | Generaciones y semblanzas / |
| Mención de responsabilidad, etc. | Fernán Pérez de Guzmán ; edición y notas de J. Domíguez Bordona. |
| 260 ## - PUBLICACIÓN, DISTRIBUCIÓN, ETC. | |
| Lugar de publicación, distribución, etc. | Madrid : |
| Nombre del editor, distribuidor, etc. | Espasa Calpe, |
| Fecha de publicación, distribución, etc. | 1941. |
| 300 ## - DESCRIPCIÓN FÍSICA | |
| Extensión | xxxvi, 228 ; |
| Dimensiones | 19 cm. |
| 490 1# - MENCIÓN DE SERIE | |
| Mención de serie | Clásicos castellanos |
| Designación de volumen o secuencia | 61 |
| 651 #4 - PUNTO DE ACCESO ADICIONAL DE MATERIA--NOMBRE GEOGRÁFICO | |
| Nombre geográfico | España |
| Subdivisión general | Historia |
| Subdivisión cronológica | 711-1516 |
| 9 (RLIN) | 15648 |
| 651 #4 - PUNTO DE ACCESO ADICIONAL DE MATERIA--NOMBRE GEOGRÁFICO | |
| Nombre geográfico | España |
| Subdivisión de forma | BIOGRAFÍA |
| 9 (RLIN) | 3260 |
| 650 #4 - PUNTO DE ACCESO ADICIONAL DE MATERIA--TÉRMINO DE MATERIA | |
| Término de materia o nombre geográfico como elemento de entrada | Nobleza |
| Subdivisión geográfica | España |
| Subdivisión de forma | BIOGRAFÍA |
| 9 (RLIN) | 15649 |
| 700 1# - PUNTO DE ACCESO ADICIONAL--NOMBRE DE PERSONA | |
| Nombre de persona | Domínguez Bordona, J., |
| Término indicativo de función/relación | ed. |
| 9 (RLIN) | 15854 |
| 830 #0 - PUNTO DE ACCESO ADICIONAL DE SERIE-TÍTULO UNIFORME | |
| Título uniforme | Clásicos castellanos ; |
| Designación de volumen o secuencia | 61 |
| 9 (RLIN) | 4180 |
| Estado de retiro | Estado de pérdida | Restricciones de uso | No para préstamo | Código de colección | Localización permanente | Ubicación/localización actual | Ubicación en estantería | Fecha de adquisición | Número de inventario | Total de préstamos | Signatura topográfica completa | Código de barras | Fecha visto por última vez | Precio válido a partir de | Tipo de ítem Koha |
|---|---|---|---|---|---|---|---|---|---|---|---|---|---|---|---|
| Monografías: Libros y Folletos | General | General | Depósito | 20.08.2009 | LF1 | 920.046 P438ge | 5614-10 | 25.06.2020 | 25.06.2020 | Préstamo en sala |
